000 00715nam a2200289Ia 4500
005 20260324133722.0
008 008 260324s9999 xx 000 0 eng d
020 _a9781315198699
037 _aEBOOK
040 _aCRL
040 _beng
040 _cCRL
041 _2eng
041 _aeng
084 _qCRL
100 _aJean-Pascal Daloz; Harald Baldersheim
_91194130
245 0 _aPolitical Leadership in a Global Age
245 4 _bThe Experiences of France and Norway
260 _bTaylor and Francis
260 _c2003
365 _a
365 _b220
856 _uhttp://www.taylorfrancis.com/books/9781315198699
942 _cEBOOK
999 _c1793477
_d1793477